A study on linguistic features of poem titles in english and vietnamese /
Vietnamese. With analysis of 170 poem titles in English and 170 poem titles in Vietnamese which are collected through the Internet, books and magazines, the study shows that poem titles have remarkable syntactic, semantic and lexical features and there are some similarities and differences between E...
Đã lưu trong:
| Príomhúdar: | |
|---|---|
| Údair Eile: | |
| Formáid: | Leabhar |
| Teanga: | English |
| Foilsithe: |
ĐHĐN :
ĐHĐN.
2015
|
| Ábhair: | |
| Clibeanna: |
Cuir Clib Leis
Gan Chlibeanna, Bí ar an gcéad duine leis an taifead seo a chlibeáil!
|
| Thư viện lưu trữ: | Mạng thư viện Đại học Đà Nẵng |
|---|
| LEADER | 04274cam a22003851a 4500 | ||
|---|---|---|---|
| 001 | 000035509 | ||
| 003 | 11795 | ||
| 005 | 20221206154717.0 | ||
| 008 | 160108s2015 000 eng | ||
| 040 | |a LNN | ||
| 041 | |a eng | ||
| 082 | |a 420.4 |b NG-T | ||
| 100 | |a Nguyễn,Thị Anh Thư | ||
| 245 | 2 | |a A study on linguistic features of poem titles in english and vietnamese / |c Nguyễn Thị Anh Thư; Hồ Vũ Khuê Ngọc supervisor. | |
| 260 | |c 2015 |a ĐHĐN : |b ĐHĐN. | ||
| 300 | |a 102tr . : ; |c 30cm+. | ||
| 500 | |a Master thesis in social sciences and humaanties. | ||
| 520 | |a Vietnamese. With analysis of 170 poem titles in English and 170 poem titles in Vietnamese which are collected through the Internet, books and magazines, the study shows that poem titles have remarkable syntactic, semantic and lexical features and there are some similarities and differences between English and Vietnamese. The study conducted based on the combination of a variety of methods such as qualitative, quantitative and comparative methods. In terms of syntax, both English and Vietnamese poem titles are structured in the forms of phrases, dependent clauses and sentences. However, in each structural type, some differences are found. In terms of semantic features, poem themes are recognized in the two languages, including “Pair Love”, “Friendship”, “Family”, “War”, “Women”, “Children”, “Places”, “Nature - Human”, “Loneliness”, “School”, “Heroes”, “Patriotism”. In the corpus of the study, poems about “Children” and “Loneliness” are listed in English only. Whereas the themes of “School”, “Heroes” and “Patriotism” appear in Vietnamese only. In terms of lexical features, certain differences can be seen in the patterns of word formation and lexical choice, except for compounding and simple words, which are used in both English and Vietnamese song titles. Based on the findings and results of this study, some implications for the teaching and learning of English will also be suggested. Hopefully, the result of the study can be somewhat beneficial for the teaching and learning of English. This study may also be helpful for the readers of English. | ||
| 650 | |a linguistic features of poem titles in english and vietnamese | ||
| 653 | |a linguistic features of poem titles |a linguistic features | ||
| 700 | |a Hồ Vũ Khuê Ngọc |e supervisor | ||
| OWN | |a LNN | ||
| AVA | |a UDN50 |b LNN |c English |d 420.4 NG-T |e available |t Error 5001 Not defined in file expand_doc_bib_avail. |f 1 |g 0 |h N |i 0 |j AN |k 1 | ||
| Z40 | 3 | |y A study on linguistic features of poem titles in english and vietnamese / |l Library of UFL |t VIEW |x http://catalog.udn.vn:80/F?func=service&doc_library=UDN01&local_base=UDN01&doc_number=000035509&sequence=000001&line_number=0001&func_code=DB_RECORDS&service_type=MEDIA |f SUMMARY_000012016.pdf |e pdf |s 000665747 |k 20210812 |m NTMTHI | |
| Z40 | 3 | |y A study on linguistic features of poem titles in english and vietnamese / |l Library of UFL |t VIEW |x http://catalog.udn.vn:80/F?func=service&doc_library=UDN01&local_base=UDN01&doc_number=000035509&sequence=000002&line_number=0002&func_code=DB_RECORDS&service_type=MEDIA |f luanvan_000012019.pdf |e pdf |s 001270379 |k 20210812 |m NTMTHI | |
| 999 | |a From the UDN01 | ||
| AVA | |a UDN50 |b LNN |c English |d 420.4 NG-T |e available |t Error 5001 Not defined in file expand_doc_bib_avail. |f 1 |g 0 |h N |i 0 |j AN |k 1 | ||
| TYP | |a Monograph | ||
| TYP | |a Printed language | ||
| 856 | |y A study on linguistic features of poem titles in english and vietnamese / |l Library of UFL |t VIEW |x http://catalog.udn.vn:80/F?func=service&doc_library=UDN01&local_base=UDN01&doc_number=000035509&sequence=000001&line_number=0001&func_code=DB_RECORDS&service_type=MEDIA |f SUMMARY_000012016.pdf |e pdf |s 000665747 |k 20210812 |m NTMTHI | ||
| 856 | |y A study on linguistic features of poem titles in english and vietnamese / |l Library of UFL |t VIEW |x http://catalog.udn.vn:80/F?func=service&doc_library=UDN01&local_base=UDN01&doc_number=000035509&sequence=000002&line_number=0002&func_code=DB_RECORDS&service_type=MEDIA |f luanvan_000012019.pdf |e pdf |s 001270379 |k 20210812 |m NTMTHI | ||
| 980 | |a Mạng thư viện Đại học Đà Nẵng | ||